000 01942nam a2200577 i 4500
001 35650
003 KOSZ 005
005 20240405063112.0
008 231006s1995 pl a g 000 0 pol
015 _aUWD 1997/11689
020 _a8385845380
035 _a991005060879705066
035 _a(PL-WaBN)b11328563-48omnis_nlop
035 _ab11328563
035 _a(OCoLC)751154662
035 _axx001389718
035 _a(PL)b0000001132856
035 _a(EXLNZ-48OMNIS_NETWORK)9910278728905606
040 _aWA N
_cWA N
_dKOSZ 005/RW
046 _k1995
080 _a94(438).081/.084
080 _a929-051(438)
245 0 0 _aStrzembosz - portret rodzinny /
_cWojciech Borek, Andrzej Urbański.
250 _aWydanie I.
260 _aKraków :
_bWydawnictwo Baran i Suszczyński,
_c1995.
300 _a239 stron :
_bfotografie, portrety ;
_c20 cm.
336 _aTekst
_btxt
_2rdacontent
337 _aBez urządzenia pośredniczącego
_bn
_2rdamedia
338 _aWolumin
_bnc
_2rdacarrier
380 _aKsiążki
380 _aLiteratura faktu, eseje, publicystyka
388 1 _a1901-2000
388 1 _a1989-2000
500 _aZawiera wywiad A. Urbańskiego z Adamem Strzemboszem.
600 1 7 _aStrzembosz, Adam
_d(1930- )
_2DBN
600 3 7 _aStrzemboszowie
_c(rodzina)
_2DBN
648 7 _a1901-2000
648 7 _a1989-2000
650 7 _aPolityka wewnętrzna
_2DBN
650 7 _aRody
_2DBN
650 7 _aSzlachta
_2DBN
651 7 _aPolska
_2DBN
655 7 _aPublicystyka polska
_2DBN
658 _aHistoria
700 1 _aBorek, Wojciech
_eAutor
700 1 _aUrbański, Andrzej
_d(1954-2016)
_eAutor
710 2 _aWydawnictwo Baran i Suszczyński
_4pbl
856 _uhttp://koha.tu.koszalin.pl/cgi-bin/koha/opac-detail.pl?biblionumber=35650
_yKatalog online BPK
942 _2UKD
_cKS
999 _c35650
_d35650